Video Games - Statistics

General Stats
  • This quiz has been taken 141 times
  • The average score is 6 of 8
Answer Stats
Hint Answer % Correct
A game that has assassinate in the games and it is a series. Assassins Creed
96%
A basketball game where you play basketball. 2K
90%
A series game where a italian plumber has to fight a turtle that's three times his size. Super Mario
89%
It is a series it has war modern and older warfare. Call of Duty
86%
A game where it is a battle royal game. Fortnite
86%
It is a world war 2 game that has strategy in it. Hearts of Iron IV
80%
It is a series that has Romans in it also a strategy game. Rome Total War
80%
A game where you can create build and fight. Mincraft
41%
No matching quizzes found
Score Distribution
Percent of People with Each Score
Percentile by Number Answered
Your Score History
You have not taken this quiz